00869nam a22002417a 450000500170000001000130001702000070003003500130003703700160005004000120006608200110007824500820008926000460017127000430021730000200026050000200028065000400030065000300034070000250037094200250039599900190042095201880043920170124105930.0 aB-059500 c00 aB-059500 bCen Lib/Ret aDPLbEN a327.54 aThe challenge of confidence-building in south asia /cedited by Moonis Ahmar  aNew Delhi bHar-Anand Publications c2001 aD-9, anand niketanbNew Delhi e110021 a440p.c21cm(Hb) aIncludes index  aForeign policies zSouth Asia98157 aPeace and secuirty 98158 aAhmar, Moonis 98159 2ddccENh327.54mCHA c123824d123824 04104070aLbLd2015-06-12eCen Lib/Retg0.00l0o327.54 CHApB-059500r2015-06-12 00:00:00t1v0.00w2015-06-12yENzWritten off on approval by DLB (By Circulation); dtd 15-06-2023